000 00804nam a2200193Ia 4500
008 151121s9999||||xx |||||||||||||| ||und||
082 _a408।914/मोह
082 _bHNW-45816
100 _aमोहम्मद मलिक
245 _aराजभाषा हिन्दी- विकास के विविध आयाम
260 _b"राजपाल एण्ड सन्ज , दिल्ली।"
260 _c--
300 _a210
600 _aमोहम्मद मलिक
630 _aराजभाषा हिन्दी- विकास के विविध आयाम
700 _aमोहम्मद मलिक
730 _aराजभाषा हिन्दी- विकास के विविध आयाम
942 _cBOOK
999 _c1232750
_d1232747